Statistics for Pokémon that appear in the opening credits

Click here to take the quiz!

General Stats

  • This quiz has been taken 4 times
  • The average score is 14 of 30

Answer Stats

Answer % Correct
Pikachu
100%
Mewtwo
67%
Mew
67%
Articuno
67%
Zapdos
67%
Charizard
67%
Blastoise
67%
Haunter
67%
Charmander
67%
Bulbasaur
67%
Venusaur
67%
Squirtle
67%
Ekans
33%
Zubat
33%
Meowth
33%
Onix
33%
Tentacruel
33%
Koffing
33%
Lapras
33%
Caterpie
33%
Raichu
33%
Dragonair
33%
Gyarados
33%
Rapidash
33%
Arcanine
33%
Pidgeotto
33%
Cubone
33%
Butterfree
33%
Kadabra
0%
Sandshrew
0%

Score Distribution

Percentile by Number Answered

Percent of People with Each Score

Your Score History

You have not taken this quiz